| 000 | 00576nam a2200193Ia 4500 | ||
|---|---|---|---|
| 999 |
_c46621 _d46621 |
||
| 003 | GCL | ||
| 005 | 20240530104335.0 | ||
| 008 | 140319s9999 xx 000 0 ara d | ||
| 040 |
_aGCL / _cGCL |
||
| 082 | 0 | 4 |
_a551 _bم ق |
| 100 | 1 | _aمحمد جمال الدين الفندى | |
| 245 | 1 | 0 |
_aقصة الكون من السديم الى الانسان / _cمحمد جمال الدين الفندى |
| 300 | _a240 ص | ||
| 490 |
_aالالف كتاب _v0 |
||
| 650 | 0 | 4 | _aالكون |
| 650 | 0 | 4 | _aالكون، وصف |
| 700 | 1 | _aمحمد يوسف حسن | |
| 942 |
_2ddc _cBK |
||